000 00875nam a2200265 i 4500
003 DO-SdBNP
005 20260212125019.0
007 ta
008 110331s2018 dr o r 000 0 spa d
020 _a9789945803631
040 _aDO-SdBNP
_bspa
_cBNPHU
_erda
082 4 _axxx
_bT649
_222
100 _aTolentino, Micaela,
_977769
_4aut.
_eautor
245 1 0 _aRecetas para toda una vida /
_cMicaela Tolentino ; edición, Mónica Vega, Paula Vega
264 4 _aSanto Domingo :
_bSociedad Industrial Dominicana,
_c©2018.
300 _a226 páginas :
_bfotografías ;
_c26 cm.
336 _atexto
_btxt
_2rdacontent
337 _asin mediación
_bn
_2rdamedia
338 _avolumen
_bnc
_2rdacarrier
590 _aInventariado, 2023/ YL
700 1 _aVega, Mónica,
_eeditor
_4ed.
_984512
700 1 _aVega, Paula,
_eeditor
_4ed.
_984515
910 _aYLockward
942 _2ddc
_cLBS1
999 _c55257
_d55257